5HLuxD.jpg

KING HENRY VIII SENIOR AND PRIMARY SCHOOL LIBRARY OPAC

Romiette and Julio / (Record no. 84)

000 -LEADER
fixed length control field 01497cam a22003973a 4500
001 - CONTROL NUMBER
control field 13132254
003 - CONTROL NUMBER IDENTIFIER
control field OSt
005 - DATE AND TIME OF LATEST TRANSACTION
control field 20190731100025.0
008 - FIXED-LENGTH DATA ELEMENTS--GENERAL INFORMATION
fixed length control field 020306s2001 nyu 000 1 eng d
010 ## - LIBRARY OF CONGRESS CONTROL NUMBER
LC control number 2003558543
020 ## - INTERNATIONAL STANDARD BOOK NUMBER
International Standard Book Number 0689842090 (pbk.) :
020 ## - INTERNATIONAL STANDARD BOOK NUMBER
International Standard Book Number 9780689842092
035 ## - SYSTEM CONTROL NUMBER
System control number (OCoLC)ocm49251806
040 ## - CATALOGING SOURCE
Original cataloging agency XUR
Transcribing agency XUR
Modifying agency OCLCQ
-- DLC
042 ## - AUTHENTICATION CODE
Authentication code lccopycat
050 00 - LIBRARY OF CONGRESS CALL NUMBER
Classification number CPB Box no. 1967 vol. 16
082 ## - DEWEY DECIMAL CLASSIFICATION NUMBER
Classification number FIC DRA
100 1# - MAIN ENTRY--PERSONAL NAME
Personal name Draper, Sharon M.
Fuller form of name (Sharon Mills)
Relator term author
245 10 - TITLE STATEMENT
Title Romiette and Julio /
Statement of responsibility, etc. Sharon M. Draper.
260 ## - PUBLICATION, DISTRIBUTION, ETC.
Place of publication, distribution, etc. New York, N.Y. :
Name of publisher, distributor, etc. Simon Pulse,
Date of publication, distribution, etc. 2001.
300 ## - PHYSICAL DESCRIPTION
Extent 320 p. ;
Dimensions 18 cm.
520 ## - SUMMARY, ETC.
Summary, etc. Romiette, an African-American girl, and Julio, a Hispanic boy, discover that they attend the same high school after falling in love on the Internet, but are harrassed by a gang whose members object to their interracial dating.
650 #0 - SUBJECT ADDED ENTRY--TOPICAL TERM
Topical term or geographic name entry element Internet
Form subdivision Fiction.
650 #0 - SUBJECT ADDED ENTRY--TOPICAL TERM
Topical term or geographic name entry element Gangs
Form subdivision Fiction.
650 #0 - SUBJECT ADDED ENTRY--TOPICAL TERM
Topical term or geographic name entry element High schools
Form subdivision Fiction.
650 #0 - SUBJECT ADDED ENTRY--TOPICAL TERM
Topical term or geographic name entry element Schools
Form subdivision Fiction.
650 #0 - SUBJECT ADDED ENTRY--TOPICAL TERM
Topical term or geographic name entry element Hispanic Americans
Form subdivision Fiction.
650 #0 - SUBJECT ADDED ENTRY--TOPICAL TERM
Topical term or geographic name entry element African Americans
Form subdivision Fiction.
655 #7 - INDEX TERM--GENRE/FORM
Genre/form data or focus term Young adult fiction.
Source of term lcsh
700 ## - ADDED ENTRY--PERSONAL NAME
Personal name Sfetsios, Debra
Relator term Cover designer
710 2# - ADDED ENTRY--CORPORATE NAME
Corporate name or jurisdiction name as entry element Copyright Paperback Collection (Library of Congress)
Institution to which field applies DLC
856 42 - ELECTRONIC LOCATION AND ACCESS
Materials specified Publisher description
Uniform Resource Identifier <a href="http://www.loc.gov/catdir/description/simon033/2003558543.html">http://www.loc.gov/catdir/description/simon033/2003558543.html</a>
906 ## - LOCAL DATA ELEMENT F, LDF (RLIN)
a 7
b cbc
c copycat
d 2
e ncip
f 20
g y-genrareb
942 ## - ADDED ENTRY ELEMENTS (KOHA)
Source of classification or shelving scheme
Koha item type Books - Fiction
Holdings
Withdrawn status Lost status Source of classification or shelving scheme Damaged status Not for loan Collection code Permanent Location Current Location Shelving location Date acquired Full call number Barcode Date last seen Price effective from Koha item type
          Fiction KH8 Senior School Library KH8 Senior School Library Young Adult 2019-07-25 FIC DRA 3KHSL000101166 2024-07-23 2019-07-25 Books - Fiction

Powered By KH8 IT Dept